01010cam a22002291 4500001001300000003000400013005001700017008004100034010001700075035001900092040004400111050001500155100004800170245037100218260005100589300001800640500001700658650003300675650002500708650003000733999001700763e 37000313 DLC20260227111226.0810220s1936 vau 000 0 eng c ae 37000313  a(OCoLC)7142680 aU.S. Off. of educ. LibrarycVidVidDLC00aLA733b.S61 aSmith, B. M.q(Benjamin Mosby),d1811-1893.14aThe Prussian primary school system as seen by a Virginia traveler a century ago,bwith suggestions as to its application to the state of Virginia.cA report submitted to the Governor of Virginia on January 15, 1839, by the Rev. Benjamin Mosby Smith of Danville, Virginia, reprinted from a photostat of House document 26, Virginia. Foreword by Charles William Dabney. a[Staunton, Va.,bMcClure Co., printers,c1936] a33 p.c27 cm. aCover title. 0aEducationzGermanyzPrussia. 0aEducationzVirginia. 0aPublic schoolszVirginia. c21556d21556